000
00288nam a22001217a 4500
040
_c
SK
082
_a
351
100
_a
ប៉ែន សុខារី
245
_a
ការគូរផែនទីព្រៃឈើ
260
_a
RUA
_b
ប៉ែន
_c
NA
300
_a
35p.
942
_c
EK
999
_c
10195
_d
10195